TRADÍCIÓ ÉS INNOVÁCIÓA VÁROSI SZÁLLODÁK KÖZÖSSÉGI TEREIBEN TRADITION AND INNOVATION IN THE COMMUNITY SPACESOF CITY HOTELS

Bibliográfiai részletek
Szerző: Juhász-Dóra Katalin
Dokumentumtípus: Cikk
Megjelent: Budapesti Gazdasági Egyetem 2023
Sorozat:Multidiszciplináris Kihívások, Sokszínű Válaszok 2023 No. 1 különkiadás
Tárgyszavak:
mtmt:https://doi.org/10.33565/MKSV.2023.KSZ.01.04
Kulcsszavak:Szállodai szolgáltatási környezet
Közösségi terek
Design
Online Access:http://publikaciotar.uni-bge.hu/2527

MARC

LEADER 00000nab a2200000 i 4500
001 publ2527
005 20260306114647.0
008 260306s2023 hu o 000 zxx d
022 |a 2630-886X 
024 |a https://doi.org/10.33565/MKSV.2023.KSZ.01.04  |2 doi 
040 |a BGE Publikációtár Repozitórium  |b hun 
100 1 |a Juhász-Dóra Katalin 
245 1 0 |a TRADÍCIÓ ÉS INNOVÁCIÓA VÁROSI SZÁLLODÁK KÖZÖSSÉGI TEREIBEN  |b TRADITION AND INNOVATION IN THE COMMUNITY SPACESOF CITY HOTELS  |c Juhász-Dóra Katalin  |h [elektronikus dokumentum] 
260 |a Budapesti Gazdasági Egyetem  |c 2023 
300 |a 88-116 
490 0 |a Multidiszciplináris Kihívások, Sokszínű Válaszok  |v 2023 No. 1 különkiadás 
520 3 |a A szálláshely-menedzsment és szállodaüzemeltetés feltételei az elmúlt két évtizedben jelentős mértékben megváltoztak, a különböző innovációk bevezetése és elterjedése az üzleti modellek fejlődését eredményezte, radikális mértékben transzformálva a vendéglátás és a szálláshelyszolgáltatás rendszerét és folyamatait. Átalakultak a fogyasztói szokások, a mindennapi élet a munkavégzés színterei, a változásokra reagálva a turisztikai szolgáltatásokat biztosító létesítmények is megújultak. A technológiai innováció eddig soha nem látott mértékben indukálta a szolgáltatás-nyújtás folyamatainak reformját, amelynek eredményeképpen a turisztikai létesítmények számos új funkcióval bővültek, hogy a megváltozott fogyasztói igényeinek eleget tudjanak tenni. A közösségek szerepe mindig meghatározó volt a társadalomban, azonban a humán interakció és a személyes kapcsolatok szerepe még soha nem volt ennyire meghatározó, mint napjainkban a digitalizáció és társas izoláció időszakában. Jelen tanulmány célja a városi szállodai szolgáltatáskörnyezet transzformációjának a vizsgálata a szakirodalmi áttekintés módszerével. A feltáró kutatás az innováció bevezetése mellett a tradíció megőrzésének interpretálására fókuszál a szállodai közösségi terek példáján keresztül 
650 4 |a gazdálkodás- és szervezéstudományok 
695 |a Szállodai szolgáltatási környezet 
695 |a Közösségi terek 
695 |a Design 
856 4 0 |u https://publikaciotar.uni-bge.hu/id/eprint/2527/1/9208-Cikk%20sz%C3%B6veg-51413-2-10-20230718.pdf  |z Dokumentum-elérés